000
00291nam a22001337a 4500
008
221109b ||||| |||| 00| 0 eng d
041
_a
eng
080
_a
91
082
_a
91 ELI
100
_a
19.2
101
_a
GJEO
245
_a
THE BLACK SOX SCANDAL OF 1919
_c
ELISH D
942
_2
udc
_c
BK
999
_c
58824
_d
58824